000
00281nam a22001217a 4500
003
SGT
082
_a
617.05
_b
T10B
100
_a
BURKE, CHARLES T.
245
_a
THE TEACHING FILES INTERVENTIONAL
260
_a
PHILADELPHIA
_b
SAUNDERS PUB
_c
2010
300
_a
625
942
_2
ddc
_c
BK
999
_c
14578
_d
14578